La patagonia trágica /
Guardado en:
| Autor Principal: | |
|---|---|
| Formato: | Libro |
| Publicado: |
Buenos Aires :
Americana,
1967
|
| Materias: | |
| Etiquetas: |
Agregar Etiqueta
Sin Etiquetas, Sea el primero en etiquetar este registro!
|
| LEADER | 00564nam a22001815a 4500 | ||
|---|---|---|---|
| 001 | EHU.bham015191 | ||
| 003 | AR-BHAM | ||
| 005 | 20150629151207.0 | ||
| 008 | 130507s1967##################000#0#####d | ||
| 082 | 9 | 8 | |a 982.7 |
| 100 | 1 | |a Borrero, José María | |
| 245 | 1 | 0 | |a La patagonia trágica / |c José María Borrero |
| 260 | |a Buenos Aires : |b Americana, |c 1967 | ||
| 300 | |a 238 p. | ||
| 500 | |a Reposición: 29/06/15 | ||
| 653 | |a Patagonia argentina-historia de la | ||
| 653 | |a Historia argentina-patagonia | ||
| 859 | |a AR-BHAM |b BIB. HUMANIDADES - General |h 982.7 |i B646 |p 408.73 |t Ej.1 | ||
